000 06578nam a2200385 i 4500
001 000004073
003 DO-SdBNP
005 20260321073638.0
007 ta
008 090716s1999 dr r 001 e spa d
040 _aDO-SdBNP
_bspa
_cBNPHU
_erda
041 _aspa
082 4 _aRD868.44
_bB742Cz 1999
_222
100 1 _aCastellanos, Justo Pedro,
_d1961-
_eautor
_4aut.
_971189
245 1 0 _aAntología del pensamiento de Juan Bosch /
_ccompilador, Justo Pedro Castellano Khoury ; prólogo, Pedro Vergés.
250 _aSegunda edición
264 4 _aSanto Domingo, República Dominicana :
_bBanco Central de la República Dominicana,
_c1999.
300 _axvi, 282 páginas ;
_c21 cm.
336 _atexto
_btxt
_2rdacontent
337 _asin mediación
_bn
_2rdamedia
338 _avolumen
_bnc
_2rdacarrier
500 _aIncluye referencias bibliográficas y notas al pie de las páginas.
504 _aBibliografía: páginas 279-282.
505 0 _aPrólogo /
_rPedro Vergés --
_tIntroducción --
_gCapítulo 1.
_tDel pensamiento filosófico-cultural --
_tMetafísica y materia --
_tSobre el tiempo --
_tSobre la dialéctica; el desarrollo; los cambios --
_tLos conocimientos científicos --
_tSobre el fondo y la forma --
_tSobre la teoría y la práctica --
_tSobre la lengua; la palabra --
_tSobre la palabra y la voz humana --
_tLengua escrita y lengua hablada --
_tSobre la mente humana y el pensamiento --
_tSobre la vida humana --
_tEn torno a la conciencia moral --
_tLos hombres y un ideal --
_tLos hombres y sus hechos --
_tSobre la casualidad --
_tEn torno a la naturaleza humana --
_tSobre la felicidad --
_tEl oro y la paz --
_tSobre el amor --
_tEn torno a la amistad --
_tSobre la soledad
_tSobre la libertad --
_tSobre la verdad --
_tSobre la duda --
_tTodo el mundo se equivoca --
_tConocer lo bueno y lo malo --
_tLo perfecto y lo bueno --
_tSobre la muerte --
_tSobre el caráter --
_tSobre la vocación --
_tSobre la relación entre el hombre la mujer --
_tSobre los niños --
_tSobre la educación --
_tSobre el deporte y su enseñanza --
_tSobre la televisión y su dominio social --
_tSobre el locutor y su función social --
_tSobre la cultura --
_tCultura e ideología --
_tSobre la cultural nacional --
_tCultura y economía --
_tSobre el arte ; el artista --
_tTiempo, trabajo y creación artística --
_tTema y forma en el arte --
_tSobre la literatura --
_tSobre la forma y los géneros literarios --
_tSobre el escritor --
_tSobre la poesía; el poeta --
_tSobre el cuento, sus características, sus técnicas --
505 0 _tSobre las diferencias entre novela y el cuento ; el novelista y el cuentista --
_ttema en el cuento y en la novela
_tCuentista en la lengua española --
_tSobre las diferencias entre el periodismo y la literatura; entre el periodista y el literato --
_tEn torno a la crítica literaria --
_tSobre la literatura latinoamericana actual --
_tRuralidad y urbanidad en la literatura latinoamericana --
_tSobre Eugenio María de Hosto, su vida y su obra
_tEn torno a la obra de Federíco García Godoy --
_tSobre Pedro Henríquez Ureña --
_tSobre Pedro Mir y su obra poética --
_tSobre Manuel del Cabral --
_tSobre la obra de Emilio Rodríguez Demorizi --
_tSobre la cuentística de Virgilio Díaz Grullón --
_tEn torno a Rubén Darío --
_tSobre Gabriel García Márquez y su obra narrativa --
_tSobre Rómulo Gallegos y obra --
_tSobre Pablo Neruda y su obra poética --
_tSobre Juan Marinello y su obra --
_tSobre Luis Llorens Torres y su obra --
_gCapítulo II
_tSobre la política --
_tSobre el adversario o enemigo --
_tInfiltrar al enemigo --
_tSobre la vida política en los Estados Unidos --
_tSobre la política internacional --
_tSobre las relaciones entre la economía y la política --
_tSobre la guerra --
_tSobre las guerras de independencia o de liberación nacional y sobre las guerras sociales --
_tSobre la táctica y la estrategia --
_tTáctica e ideología en la actividad política --
_tConciencia e ideología políticas --
_tLos hombres y sus pueblos --
_tLa vida de los hombres públicos --
_tSobre el poder --
_tLos hombres y el poder --
_tSobre el caudillaje y el caudillo --
_tSobre el líder --
_tSobre el líder y el partido político --
_tSobre los héroes --
_tSobre el pueblo, las masas; y sus luchas --
_tSobre la comunicación con el pueblo, con las masas --
_tSobre las reformas sociales --
_tSobre la revolución --
_tSobre la unidad --
_tEn torno a la liberación nacional--
505 0 _tSobre la revolución dominicana --
_tEn torno Revolución Cubana --
_tSobre el marxismo --
_tProgramas, revolución, partidos, clases --
_tSobre los revolucionarios --
_tSobre Nicolás Lenín --
_tSobre León Trotsky y sus ideas --
_tSobre Fidel Castro --
_tSobre Juan Domingo Perón --
_tSobre el Estado --
_tEstado y constitución --
_tEstado y gobierno --
_tSobre el gobierno; el gobernante --
_tEstado patria y nación --
_tSobre la sustitución del Estado --
_tSobre el patriotismo --
_tSobre los regímenes político --
_tSobre el régimen democrático --
_tLa educación, la cultura y los derechos y deberes de los ciudadanos --
_tEl pueblo dominicano y la democracia --
_tSobre la democracia latinoamericana --
_tSobre el fatalismo latinoamericano --
_tSobre la democracia representativa --
_tVotar y elegir --
_tsobre la socialdemocracia --
_tun partido político --
_tPartidos políticos, métodos de trabajo y corrupción en el sistema capitalista --
_tSobre los partidos comunistas --
_tPartidos comunistas en República Dominicana --
_tUn partido comunista y uno de liberación nacional --
_tBalaguerismo y perredeismo --
_tSobre el Partido de la Liberación Dominicana (P.L.D.)
_tUn partido de organismos --
_tUn partido de militares; de líderes --
_tLos circulos de estudios --
_tLos Comités de Base --
505 0 _tLos Comité Intermedio --
_tElcuerpo de activistas --
_tLas Secretarías; y las Comisiones del Comité Central --
_tEl secretariado --
_tEl Comité Central --
_tLas elecciones internas --
_tPalnes, metas, métodos de trabajo --
_tSobre la base teórica de los métodod de trabajo del P.L.D. --
_tLos métodos de trabajo, la disciplina, la unidad y la mística en el P.L.D. --
_tEl P.L.D. y su período "Vanguardia del pueblo"
_tHay que aprender a desconfiar --
_tHay que tener cuidado con el populismo --
_tEl P.L.D. y su carisma --
_tBibliografía.
600 1 0 _a Bosch, Juan,
_d1909-2001
_976555
650 0 _aPensamiento crítico
_99026
650 0 _aEnsayos dominicanos
_965
700 1 _aVerges, Pedro,
_d1945-
_eprologuista
_4pr.
_912149
700 1 _aCastellanos, Justo Pedro,
_d1961-
_ecompilador
_4comp.
_971189
910 _aValidado. Control de calidad. MMOLINA
942 _2ddc
_cLBS1
999 _c3891
_d3891